[Event "36th Zalakaros Festival 2017"]
[Site "Zalakaros"]
[Date "2017.05.18"]
[Round "1"]
[White "Chovan, Milan"]
[Black "Bagi, Mate"]
[Result "1/2-1/2"]
[WhiteElo "2288"]
[BlackElo "2455"]
[Annotator "TA"]
[PlyCount "172"]
[EventDate "2017.??.??"]
[EventType "swiss"]
[EventCountry "HUN"]
[SourceTitle "playchess.com"]
[Source "ChessBase"]
[SourceQuality "1"]

{[%evp 33,172,0,9,-15,-9,-16,-3,-52,-36,-45,-33,-40,-49,-44,-47,-221,-219,-224,-221,-239,-237,-245,-238,-238,-214,-214,-193,-235,-214,-245,-237,-275,-261,-252,-229,-388,-150,-160,-98,-175,-143,-177,-184,-165,-168,-257,-277,-276,-262,-275,-254,-375,-395,-384,-381,-378,-322,-283,-266,-357,-321,-377,-365,-365,-370,-357,-356,-335,-290,-268,-253,-240,-297,-263,-203,-317,-324,-311,-314,-292,-283,-294,-271,-241,0,-222,0,-212,0,0,0,0,0,0,0,0,0,0,0,0,0,0,0,0,0,0,0,0,0,0,0,0,0,0,0,0,0,0,0,0,0,0,0,0,0,0,0,0,0,0,0,0,0,0,0,0,0,0,0,0,0]} 1. c4 Nf6 2. Nc3 c5 3. Nf3 d5 4. cxd5 Nxd5 5. g3 Nc6 6. Bg2 Nc7 7. O-O e5 8. d3 Be7 9. Nd2 Bd7 10. Nc4 f6 11. f4 b5 12. Ne3 exf4 13. Nf5 {A34: Symmetrical English: 2 Nc3, lines with ...d5} b4 14. Nxe7 Qxe7 15. Ne4 Ne6 16. gxf4 f5 17. Ng3 O-O {LiveBook: 3 Games} 18. e3 Rad8 {[#]} 19. Qc2 $146 ({Predecessor:} 19. b3 Qd6 20. Qc2 Ne7 {0-1 (39) Bernadskiy,V (2521)-Nikolov,M (2573) Albena 2016}) 19... Na5 20. b3 (20. a3 $5 {[%cal Ra3b4]} Bb5 21. Rd1 $11) 20... Bb5 21. Rd1 Qd7 {[%cal Rb5d3]} 22. Bf1 {[#]} c4 $1 {[%cal Bc5c4,Bc4c3][%mdl 544]} 23. d4 $1 (23. bxc4 Ba4) 23... Rc8 24. Qd2 $2 (24. Bh3 $15) 24... c3 $19 ({Less strong is} 24... cxb3 25. Qxb4 Bxf1 26. Qxa5 $15) 25. Bxb5 Qxb5 (25... cxd2 $2 {perishes.} 26. Bxd7 dxc1=B 27. Bxe6+ Kh8 28. Raxc1 $18) 26. Qc2 Qd5 27. Qg2 Nc7 28. Re1 Qxg2+ 29. Kxg2 Nd5 30. Re2 g6 31. Kf3 Rc6 32. Rc2 Ra6 33. Rb1 Nc6 34. Nh1 $2 {[#]} (34. h4) 34... Rd8 $2 (34... g5 $1 $19 {[%mdl 512] and Black stays clearly on top.} 35. Nf2 (35. fxg5 f4) 35... Nxf4 $1 {[%mdl 512]}) 35. Nf2 $17 Nf6 {[#]} (35... Nc7 $142 36. Kg3 Ne7) 36. Re2 (36. a3 $1 $17 {[%mdl 512] is a better defense.}) 36... Ra5 37. a3 Rb8 $36 {[%mdl 2048] Black is really pushing.} 38. Ra2 bxa3 39. Rba1 (39. Nd3 $142) 39... Rxb3 $19 40. Rxa3 Rbxa3 41. Rxa3 Nd5 42. Rxa5 (42. Ke2 $142) 42... Nxa5 {[%mdl 4096] Endgame KBN-KNN} 43. Nd3 Nb3 44. Ba3 Kf7 45. Ke2 Nd2 46. Nb4 {[#]} Nxe3 $1 {[%mdl 512]} 47. Kxe3 Nc4+ 48. Kd3 Nxa3 49. Kxc3 {KN-KN} Ke6 50. Kb3 Nb5 51. Kc4 Nd6+ 52. Kc5 {[#]} a5 $1 53. d5+ Kd7 54. Nc2 (54. Nc6 {was the only defense.} Ne4+ 55. Kd4) 54... Ne4+ 55. Kd4 a4 56. Na3 Nd6 57. Ke5 Ke7 58. Kd4 Kd7 $2 (58... Kf6 $19 {Hoping for ...g5.} 59. Kc5 Ne4+ 60. Kd4 g5 61. fxg5+ Nxg5) 59. Kc5 $2 (59. Ke5 $1 $11 {and White stays safe.}) 59... Ne4+ 60. Kd4 g5 $2 (60... Kc7 $19 61. h3 Nf2) 61. fxg5 $11 {The position is equal.} Nxg5 {Strongly threatening ...f4.} 62. Ke5 $1 Nf3+ 63. Kxf5 Nxh2 (63... Kd6 $5 {[%cal Rd6d5]} 64. Nb5+ Kc5 $15) 64. Nc4 Ke7 65. d6+ Kd8 {...Nf3 is the strong threat.} 66. Ne5 Nf3 $1 {[%cal Rf3e5]} ({Inferior is} 66... a3 67. Ke6 a2 68. Nf7+ Kc8 69. d7+ Kb7 70. d8=Q a1=Q 71. Nd6+ Kc6 72. Qd7+ Kc5 73. Qb5+ Kd4 74. Qe5+ Kd3 75. Qxa1) 67. Nxf3 {Intending Ne5 and mate. KN-KPP} Kd7 $1 68. Ke5 a3 69. Kd5 a2 70. Ne5+ Kc8 $1 71. Kc6 a1=Q 72. d7+ Kd8 73. Nf7+ Ke7 74. d8=Q+ Kxf7 {KQ-KQ} 75. Qd7+ Kg6 76. Qg4+ Kf7 77. Qd7+ Kg8 {aiming for ...Qa4+.} 78. Qe8+ Kg7 79. Qe7+ Kg6 {Threatens to win with ...Qf6+.} (79... Kh6 $5 {[%cal Ra1a6]} 80. Qh4+ Kg6 81. Qg4+ Kf7 $11) 80. Qe8+ (80. Qe4+ {seems wilder.}) 80... Kh6 (80... Kg5 $5 {[%cal Ra1a4]} 81. Qg8+ Kf4 $11) 81. Qe3+ Kg6 82. Qe4+ Kg7 {( -> ...Qa8+)} 83. Qg4+ Kf7 84. Qd7+ Kf6 85. Qxh7 {And now Qh8+ would win.} Qa6+ 86. Kc5 {White wants to mate with Qh6+.} Ke5 {Precision: White = 56%, Black = 65%.} 1/2-1/2

[Event "36th Zalakaros Festival 2017"]
[Site "Zalakaros"]
[Date "2017.05.18"]
[Round "1"]
[White "Marosi, Levente"]
[Black "Nemeth, Miklos"]
[Result "0-1"]
[WhiteElo "2286"]
[BlackElo "2451"]
[Annotator "TA"]
[PlyCount "58"]
[EventDate "2017.??.??"]
[EventType "swiss"]
[EventCountry "HUN"]
[SourceTitle "playchess.com"]
[Source "ChessBase"]
[SourceQuality "1"]

{[%evp 11,58,26,44,40,46,30,25,24,39,27,35,26,79,-24,-19,-20,-18,-126,-121,-120,-119,-130,-97,-106,-98,-180,-181,-179,-184,-168,-160,-174,-178,-177,-139,-142,-134,-141,-126,-339,-329,-331,-333,-408,-366,-366,-374,-454,-450]} 1. e4 e5 2. Nf3 Nc6 3. d4 exd4 4. Nxd4 Bc5 5. Nxc6 Qf6 6. Qf3 Qxc6 7. Nc3 {C45: Scotch Game} Ne7 8. Be3 O-O 9. O-O-O {White has an edge.} d6 {[%cal Bd7d6,Bd6d5][%mdl 32]} 10. h4 $146 ({Predecessor:} 10. Bb5 Qb6 11. Rhe1 Be6 12. Kb1 Ng6 13. Bxc5 Qxc5 14. Qe3 Qb6 15. Qxb6 axb6 {½-½ (68) Lacroix,S-Spraggett,K (2445) Montreal 1979}) 10... Be6 11. h5 {White wants to play h6.} f5 (11... h6 $11) 12. Bg5 (12. Bb5 $16 Bxe3+ 13. Qxe3) 12... fxe4 $11 13. Qxe4 d5 14. Qd3 (14. Qa4 $11) 14... Rxf2 $17 15. Be2 {[#]} Bf5 $1 $36 {[%cal Rf5d3][%mdl 2048] Black has strong initiative.} 16. Qd2 Re8 {Threatens to win with ...Qe6.} 17. Rhf1 Rxg2 {Strongly threatening ...Qe6.} 18. Bxe7 (18. Bb5 $17 Rxd2 19. Rxd2) 18... Rxe7 $19 19. Qxd5+ Qxd5 20. Rxd5 {[#] Rd8+ is the strong threat.} Be3+ 21. Kb1 g6 22. hxg6 hxg6 23. Bd3 Rg1 24. Rxg1 Bxg1 25. a4 $2 (25. Bxf5 $17 Re1+ 26. Rd1 Rxd1+ 27. Nxd1 gxf5 28. Kc1) 25... Re1+ 26. Ka2 Be6 27. b3 Bxd5 28. Nxd5 c6 29. Nf4 g5 {Precision: White = 36%, Black = 70%.} 0-1

[Event "36th Zalakaros Festival 2017"]
[Site "Zalakaros"]
[Date "2017.05.18"]
[Round "1"]
[White "Banzea, Alexandru-Bogdan"]
[Black "Kreisl, Robert"]
[Result "1/2-1/2"]
[WhiteElo "2278"]
[BlackElo "2448"]
[Annotator "TA"]
[PlyCount "38"]
[EventDate "2017.??.??"]
[EventType "swiss"]
[EventCountry "HUN"]
[SourceTitle "playchess.com"]
[Source "ChessBase"]
[SourceQuality "1"]

{[%evp 16,38,5,0,27,22,27,27,18,-27,31,25,28,34,29,8,12,8,14,0,0,0,0,0,0]} 1. e4 c6 2. d4 d5 3. exd5 cxd5 4. Nf3 Nc6 5. Ne5 Nf6 (5... a6 6. c4 Nf6 7. Nc3 e6 8. Be2 Bd6 9. Nxc6 bxc6 10. O-O O-O 11. Bg5 Rb8 12. Rb1 h6 {1-0 (53) Carlsen,M (2840)-Mamedyarov,S (2768) Doha 2016}) 6. Bb5 {B13: Caro-Kann: Exchange Variation and Panov-Botvinnik Attack} Bd7 7. Nxd7 Qxd7 8. c3 a6 9. Bd3 {LiveBook: 5 Games} e6 10. Bg5 $146 ({Predecessor:} 10. Qe2 Rc8 11. O-O Bd6 {½-½ (41) Wegerle,J (2415)-Nanu,C (2527) Austria 2008}) 10... Be7 11. O-O h6 12. Bh4 O-O ({Black should play} 12... g5 $11 13. Bg3 h5) 13. Nd2 $14 Ne8 {[%cal Bf6e8,Be8d6,Bd6e4][%mdl 32]} 14. Bxe7 Qxe7 15. f4 Nd6 {The position is equal.} 16. Nf3 f5 17. Ne5 Nxe5 18. fxe5 Ne4 19. a4 a5 1/2-1/2

[Event "36th Zalakaros Festival 2017"]
[Site "Zalakaros"]
[Date "2017.05.18"]
[Round "1"]
[White "Ganaus, Hannes"]
[Black "Basso, Pier Luigi"]
[Result "0-1"]
[WhiteElo "2271"]
[BlackElo "2447"]
[Annotator "TA"]
[PlyCount "94"]
[EventDate "2017.??.??"]
[EventType "swiss"]
[EventCountry "HUN"]
[SourceTitle "playchess.com"]
[Source "ChessBase"]
[SourceQuality "1"]

{[%evp 18,94,-2,-20,-27,-9,75,75,64,68,68,43,56,32,17,32,13,33,69,60,58,56,64,64,65,68,55,77,88,42,109,24,144,69,70,18,28,0,63,61,61,58,173,64,83,81,79,91,91,83,138,58,63,8,8,8,7,0,0,0,0,-240,-229,-241,-235,-445,-469,-485,-432,-472,-222,-229,-220,-445,-388,-1064,-1023,-5285,-676]} 1. d4 d5 2. c4 e6 3. Nf3 Nf6 4. cxd5 exd5 5. Nc3 c6 6. Bf4 Bd6 7. Bg3 O-O 8. e3 Bf5 9. Bd3 Bxd3 10. Qxd3 Bxg3 {D31: Queen's Gambit Declined: Semi-Slav without ...Nf6 (+ Marshall Gambit and Noteboom) and Exchange Variation lines without ...Nf6} 11. hxg3 {[%cal Bh2g3,Bg3g4,Bg4g5][%mdl 32]} Qd6 (11... g6 $11) 12. g4 $146 ({Predecessor:} 12. O-O-O Nbd7 13. Rh4 Rfe8 14. Rdh1 Nf8 15. Ne5 c5 16. g4 cxd4 17. exd4 {½-½ (31) Brumen,D (2403)-Senff,M (2349) Nova Gorica 2000}) 12... Re8 {White is better.} 13. Ne5 Nbd7 14. g5 Ne4 $1 15. Nxe4 dxe4 16. Qxe4 Qb4+ $1 17. Kf1 Nf8 18. Qc2 c5 $1 19. Nd3 Qb5 20. dxc5 Rad8 21. Rd1 Re5 22. Rh4 Red5 {[%cal Rd5d3]} 23. Rc4 Ne6 (23... Qd7 $14) 24. b4 (24. f4 $16) 24... Rxg5 (24... Qd7 $11) 25. f3 (25. a4 $16 Qd7 26. Nb2) 25... Rgd5 $14 26. a4 (26. Kf2 $14) 26... Qd7 $11 {[%cal Rd5d3]} 27. Ke2 Qe7 ({Black should try} 27... Qc7 $11) 28. Kf2 $1 $14 a5 29. bxa5 Qd7 (29... Qc7 $14) 30. Ke2 (30. c6 $1 $18 {[%cal Rc6d7]} bxc6 31. a6 (31. Rxc6 Rxd3 32. Rxd3 Qxd3 $15)) 30... Qc7 31. Nf2 Rxd1 32. Nxd1 Qxa5 33. Nf2 Qc7 (33... h5 $142) 34. Nd3 ({White should play} 34. c6 $16) 34... Qh2 35. Kf2 ({Better is} 35. Kf1 $14) 35... Ng5 $132 {[%mdl 2048] White must now prevent ...Nh3+. Black is not keeping still} 36. Nf4 Qh4+ 37. Kf1 Qh1+ 38. Ke2 Ne6 39. Nd3 $2 (39. Kf2 $1 $11) 39... Qxg2+ $19 40. Nf2 {[#] intending Qe4.} Ng5 $1 {[%cal Rg5h3] Threatens to win with ...Nh3.} 41. Qf5 $2 {[#]} (41. Rd4 {was the only defense.} Qxf3+ 42. Kf1) 41... Nxf3 $1 {[%csl Gf3][%cal Rd8d2][%mdl 512]} 42. Rc2 (42. Qxf3 Rd2+) 42... Ng1+ 43. Ke1 Qg3 (43... Re8 $142 {Strongly threatening ...Nf3+.} 44. Qd3 Nf3+ 45. Ke2 g5) 44. Kf1 Nf3 {Hoping for ...Rd1+!} 45. Qe4 $2 (45. Ke2 Ng5 46. Kf1) 45... h5 {And now ...g5 would win.} 46. Qxb7 $2 (46. c6 bxc6 47. Ke2 Ng1+ 48. Kf1) 46... Re8 {( -> ...Nh2+)} 47. e4 Qg1+ {Precision: White = 33%, Black = 56%.} 0-1

[Event "36th Zalakaros Festival 2017"]
[Site "Zalakaros"]
[Date "2017.05.18"]
[Round "1"]
[White "Terbe, Julianna"]
[Black "Plenca, Jadranko"]
[Result "0-1"]
[WhiteElo "2258"]
[BlackElo "2446"]
[Annotator "TA"]
[PlyCount "74"]
[EventDate "2017.??.??"]
[EventType "swiss"]
[EventCountry "HUN"]
[SourceTitle "playchess.com"]
[Source "ChessBase"]
[SourceQuality "1"]

{[%evp 9,74,14,11,20,7,23,34,30,44,7,19,-3,-7,-10,-23,-30,-22,-27,-8,-37,-14,-16,-25,-25,-25,-14,-15,-24,-17,-40,-41,-88,-50,-77,-70,-93,-52,-156,-151,-165,-155,-231,-223,-314,-219,-500,-495,-492,-471,-449,-248,-267,-239,-279,-212,-214,-205,-252,-249,-256,-246,-302,-243,-539,-536,-1154,-1139]} 1. e4 e5 2. Nf3 Nc6 3. Nc3 Nf6 4. a3 Bc5 5. Nxe5 Nxe5 (5... O-O 6. Nxc6 dxc6 7. h3 Qd4 8. Qf3 Re8 9. d3 Nd5 10. Ne2 Qa4 11. b3 Qa5+ 12. c3 f5 {1-0 (38) Moussard,J (2423)-Loiseau,Q (2402) Pau 2015}) 6. d4 {C47: Scotch Four Knights and Four Knights with 4 g3} Bd6 ({But not} 6... Nfg4 $2 7. dxc5 d6 8. Bb5+ Bd7 9. cxd6 $18) 7. f4 Nc6 8. e5 {White is slightly better.} Be7 9. d5 Nxd5 $1 10. Nxd5 d6 11. exd6 Bxd6 12. Be3 $146 ({Predecessor:} 12. Bc4 O-O {1-0 (24) Zwirs,N (2284)-Buckels,V (2100) Dieren 2014}) 12... Be6 {[#] White must now prevent ...Bxd5.} (12... Ne7 $5 {[%cal Re7d5]} 13. Bc4 c6 $11) 13. Nc3 $1 Qe7 14. Bb5 Bf5 $36 {[%mdl 2048] White is under pressure.} 15. Qf3 O-O 16. O-O Bxc2 17. Rfe1 Qd7 18. Rac1 Bf5 19. Nd5 Rfe8 20. Qg3 Kh8 21. Red1 Re6 22. Nb4 {[%cal Rb4c6]} a6 {[%cal Ba7a6,Ba6b5][%mdl 32]} 23. Nxc6 ({Better is} 23. Bxc6 $15 bxc6 24. Nxc6) 23... axb5 $17 24. Nd4 Re7 25. Qg5 (25. Nxf5 $17 {might work better.} Qxf5 26. Re1) 25... Bg4 $19 (25... Rxe3 26. Nxf5 f6 27. Qg4 $11) 26. f5 (26. Rd3 $142 f6 27. Qxb5 Qxb5 28. Nxb5) 26... Rxe3 ({Less strong is} 26... Bxd1 27. f6 $17) 27. f6 $2 (27. Qxg4 {was forced.} Kg8 28. h3) 27... g6 28. Qxe3 Bxd1 29. Rxd1 Re8 (29... Bc5 $142 30. Kh1 b4) 30. Qc1 Kg8 31. Kh1 Re5 32. Nf3 {[#]} Rh5 $1 33. Qc3 Rf5 34. Nh4 Rf4 35. g3 Rc4 36. Qd2 $2 (36. Qf3) 36... Qc6+ 37. Kg1 Bc5+ {Precision: White = 40%, Black = 65%.} 0-1

[Event "36th Zalakaros Festival 2017"]
[Site "Zalakaros"]
[Date "2017.05.18"]
[Round "1"]
[White "Rigo, Janos"]
[Black "Shvayger, Yuliya"]
[Result "1/2-1/2"]
[WhiteElo "2236"]
[BlackElo "2423"]
[Annotator "TA"]
[PlyCount "81"]
[EventDate "2017.??.??"]
[EventType "swiss"]
[EventCountry "HUN"]
[SourceTitle "playchess.com"]
[Source "ChessBase"]
[SourceQuality "1"]

{[%evp 16,81,-20,-22,-30,-54,-29,-36,-7,-13,-3,-20,-9,-30,-27,-79,-31,-52,-23,-32,-48,-39,-41,-30,-38,-36,-46,-102,-4,0,-17,-14,-14,-11,-11,-17,1,2,34,0,18,-23,156,156,155,147,179,116,116,122,117,127,115,127,121,121,156,147,151,151,188,154,150,134,142,136,130,125]} 1. e4 c5 2. Nf3 Nc6 3. Bb5 g6 4. c3 Nf6 5. d3 Bg7 6. O-O O-O 7. Be3 d6 8. Bxc6 bxc6 9. h3 {[#]} c4 $146 {[%mdl 512] B31: Sicilian: 2...Nc6 3 Bb5 g6} ({Predecessor:} 9... a5 10. Nbd2 Ba6 11. Qc2 e5 12. Rfd1 a4 13. a3 Qa5 14. d4 c4 15. Nf1 exd4 16. Bxd4 Rad8 17. Ne3 {½-½ (40) Krejci,J (2521)-Kilgus,G (2429) Vienna 2015}) 10. Na3 (10. dxc4 Nxe4) 10... cxd3 11. Qxd3 Qa5 {Black is slightly better.} 12. Rfe1 Ba6 13. Qc2 Nd7 14. Nd4 Rfc8 15. b4 (15. Bd2 $11 {remains equal.}) 15... Qc7 16. Nb3 Rab8 (16... c5 $5 {[%cal Rc5b4]} 17. b5 Bb7 $17) 17. Rad1 c5 18. bxc5 Nxc5 19. Nxc5 dxc5 20. Qa4 Bb7 21. f3 (21. Rb1 $15) 21... Bxc3 (21... Bc6 $17 22. Qc4 Qa5) 22. Nb5 $11 Bc6 23. Qc4 Bxb5 24. Qxc3 c4 25. Bh6 {[%csl Gh6][%cal Rc3g7]} e5 $132 {[%mdl 2048] [#] Black is not keeping still} 26. f4 $1 {[%mdl 512]} Ba4 (26... exf4 27. Qg7#) 27. Rd2 Rb5 28. Rc1 Qa5 $2 (28... Rc5 $11) 29. Qxa5 $16 Rxa5 {[#]} 30. Rxc4 $1 {[%mdl 512]} Re8 (30... Rxc4 31. Rd8+) 31. Rd5 ({White should play} 31. fxe5 $1 $18 a6 32. e6 $1 {[%mdl 512]} fxe6 33. Rc7) 31... Rxd5 32. exd5 {[%cal Be4d5,Bd5d6][%mdl 4128] Endgame KRB-KRB} Bb5 33. Rb4 $1 {[%cal Rb4b5]} a6 34. fxe5 Rxe5 35. a4 Be8 {[#]} 36. d6 $1 {Threatens to win with Rb8.} ({Don't take} 36. Rb8 $6 f6 $14) 36... f6 {[#]} 37. Rb7 $1 {[%cal Rb7g7]} ({Inferior is} 37. Rb8 Kf7 $11) 37... Rd5 38. Rg7+ Kh8 39. Re7 {[%cal Re7e8]} Bxa4 40. Rf7 {[%cal Rf7f8]} Rd1+ 41. Kf2 {Precision: White = 58%, Black = 41%.} 1/2-1/2

[Event "36th Zalakaros Festival 2017"]
[Site "Zalakaros"]
[Date "2017.05.18"]
[Round "1"]
[White "Czupor, Attila"]
[Black "Farago, Ivan"]
[Result "1/2-1/2"]
[WhiteElo "2230"]
[BlackElo "2411"]
[Annotator "TA"]
[PlyCount "80"]
[EventDate "2017.??.??"]
[EventType "swiss"]
[EventCountry "HUN"]
[SourceTitle "playchess.com"]
[Source "ChessBase"]
[SourceQuality "1"]

{[%evp 18,80,-21,-32,-9,-19,-12,-11,-11,-12,-15,-15,-13,-13,-13,-16,-11,-16,-16,-19,-11,-37,-33,-24,-26,-30,0,-8,0,-20,0,0,0,-14,-14,-14,-14,-12,-16,-18,-6,-9,-8,-6,-6,-7,0,-22,8,9,28,27,34,34,20,26,47,28,43,43,38,40,31,8,8]} 1. e4 c5 2. Nf3 e6 3. d4 cxd4 4. Nxd4 a6 5. c4 Nf6 6. Bd3 Nc6 7. Nxc6 dxc6 8. Qe2 e5 9. O-O Bc5 {B41: Sicilian: Kan Variation: 5 c4} 10. Be3 {LiveBook: 5 Games} Bg4 (10... Qb6 $5) (10... Qb6 11. Bxc5 Qxc5 12. h3 Be6 13. Nd2 O-O 14. Rfd1 Rfd8 15. Nf3 a5 16. b3 Rd6 17. Qb2 {½-½ (36) Golubka,P (2401)-Oleksienko,M (2577) Alushta 2011}) 11. f3 Qb6 $146 ({Predecessor:} 11... Bxe3+ 12. Qxe3 Be6 13. Nc3 O-O 14. Rfd1 Qe7 15. a3 a5 16. Na4 Nd7 17. Be2 {0-1 (25) Fatalibekova,E (2227)-Guller,A (2013) Radebeul 2016}) 12. Bxc5 Qxc5+ 13. Qf2 Qxf2+ 14. Kxf2 O-O-O 15. Ke3 Be6 16. Nc3 Rd4 17. b3 Rhd8 18. Rfd1 b5 19. Ne2 bxc4 20. bxc4 R4d7 21. Nc3 Ra7 22. Rab1 Kc7 23. Rd2 Rd4 24. Ne2 Rd8 25. Nc3 Rb8 26. Rxb8 Kxb8 27. Na4 Nd7 28. Rb2+ Kc7 29. Kd2 Ra8 30. Kc3 g5 31. c5 Rd8 32. a3 ({Avoid the trap} 32. Bxa6 $2 Ra8 $19) 32... a5 33. Ba6 {[#] And now Rb7+ would win.} Ra8 34. Rb7+ Kd8 35. Bc4 Bxc4 $1 36. Kxc4 Rb8 $1 {[%cal Rb8b7]} 37. Rxb8+ Nxb8 38. Nb2 Nd7 39. Nd3 Kc7 40. Kc3 f6 {Precision: White = 66%, Black = 48%.} 1/2-1/2

[Event "36th Zalakaros Festival 2017"]
[Site "Zalakaros"]
[Date "2017.05.18"]
[Round "1"]
[White "Jakab, Bela"]
[Black "Frolov, Artur"]
[Result "0-1"]
[WhiteElo "2216"]
[BlackElo "2410"]
[Annotator "TA"]
[PlyCount "84"]
[EventDate "2017.??.??"]
[EventType "swiss"]
[EventCountry "HUN"]
[SourceTitle "playchess.com"]
[Source "ChessBase"]
[SourceQuality "1"]

{[%evp 15,84,25,33,31,33,22,28,9,11,10,7,10,31,28,25,33,26,0,31,33,20,20,52,0,0,0,0,-3,-4,-6,-6,-6,-2,-12,-6,-6,-6,-4,-8,-18,-14,-72,-67,-89,-60,-68,-42,-73,-16,-27,-18,-24,-8,-31,-8,-9,-8,-60,-31,-131,-106,-363,-310,-941,-941,-937,-883,-29985,-29986,-29996,-29997]} 1. e4 c5 2. Nf3 Nc6 3. c3 d5 4. exd5 Qxd5 5. d4 Nf6 6. Be3 cxd4 7. cxd4 e6 8. Nc3 Qd8 9. Bb5 {B22: Sicilian: 2 c3} (9. Bd3 Be7 10. O-O O-O 11. Rc1 Nb4 12. Bb1 b6 13. Bg5 Bb7 14. Ne5 Rc8 15. Re1 Nfd5 16. Qh5 f5 17. Bd2 Nc6 18. Nxc6 Rxc6 19. a3 Nxc3 20. Bxc3 {0-1 (58) Nabaty,T (2579)-Nakamura,H (2776) Caleta 2015}) 9... Bd7 10. O-O Be7 11. d5 {White has an edge.} exd5 12. Nxd5 Nxd5 13. Qxd5 {And now Rad1 would win.} O-O $146 ({Predecessor:} 13... a6 14. Ba4 O-O 15. Rad1 Be6 16. Qe4 Qa5 {0-1 (53) Tibke,J (1890)-Doeserich,J (2114) Frankfurt 2014}) 14. Rfd1 Be6 15. Qe4 Qa5 16. Bd3 {[%csl Gd3][%cal Re4h7]} g6 17. Nd4 Nxd4 18. Bxd4 Rad8 19. Bc3 ({Not} 19. Qxb7 $2 Rxd4 20. Qxe7 Rfd8 $19) (19. Bc4 $14) 19... Qg5 $11 20. h4 Qg4 ({Don't capture} 20... Qxh4 $2 21. Qe5 $18) 21. Qe5 {[%csl Gc3][%cal Re5h8]} f6 22. Qe3 $132 {[%mdl 2048] White puts up resistance} Bd5 $1 {[%csl Gd5][%cal Rg4g2]} 23. f3 Qe6 24. Qf2 b6 25. Kh1 Bc5 26. Qg3 Bd6 ({Much worse is} 26... Bxa2 27. Bxg6 $1 {[%mdl 512]} Bd6 28. f4 $14) 27. Qf2 Bb8 28. Bb4 (28. h5 $11) 28... Rfe8 $17 29. Re1 Qf7 30. Rxe8+ Rxe8 31. Bb5 Qc7 ({Better is} 31... Rd8 $17 {next ...Qc7 is good for Black.} 32. Kg1 Bxa2) 32. g3 $1 $11 Re5 {Hoping for ...Rf5.} 33. Bd3 Qc6 34. Kg2 Qe6 35. Bd2 $1 g5 {White should prevent ...Bd6.} 36. hxg5 (36. Bc3 $1 $11 Re3 37. Bf5) 36... fxg5 $15 {[%cal Bf6g5,Bg5g4][%mdl 32] Strongly threatening ...g4.} 37. Rh1 ({White should try} 37. Bc3 $15 Re3 {[#]} 38. Bf5 $1 {[%mdl 512]}) 37... g4 $17 38. Bxh7+ $2 {[%mdl 8192]} (38. Rh6 $17 Bxf3+ 39. Kg1) 38... Kg7 $19 39. Be4 $2 (39. Kg1 Bxf3 40. Rh4) 39... Rxe4 40. Bc3+ Kg6 41. Kg1 Re2 42. Qd4 {[#]} Re1+ $1 {Precision: White = 37%, Black = 71%.} 0-1

[Event "36th Zalakaros Festival 2017"]
[Site "Zalakaros"]
[Date "2017.05.18"]
[Round "1"]
[White "Pujari, Rucha"]
[Black "Juhasz, Armin"]
[Result "1/2-1/2"]
[WhiteElo "2203"]
[BlackElo "2410"]
[Annotator "TA"]
[PlyCount "52"]
[EventDate "2017.??.??"]
[EventType "swiss"]
[EventCountry "HUN"]
[SourceTitle "playchess.com"]
[Source "ChessBase"]
[SourceQuality "1"]

{[%evp 15,52,8,20,0,0,0,0,0,0,0,0,0,15,0,0,0,0,0,0,0,0,0,0,0,0,0,0,0,0,0,0,0,0,0,0,0,0,-19,0]} 1. Nf3 Nf6 2. g3 d5 3. Bg2 c6 4. b3 Bg4 5. Bb2 Nbd7 6. d3 e6 7. O-O Bd6 8. e4 {A07: Réti Opening: New York and Capablanca Systems} O-O {LiveBook: 6 Games. The position is equal.} 9. Re1 $146 {e5 is the strong threat.} (9. h3 $5 {[%cal Rh3g4]} Bxf3 10. Qxf3 $11) ({Predecessor:} 9. h3 Bxf3 10. Qxf3 Be5 11. d4 dxe4 12. Qe2 Bd6 13. Nd2 Re8 14. Nxe4 Nxe4 15. Bxe4 Qa5 16. a3 {½-½ (16) Miles,A (2630)-Karpov,A (2775) Biel 1996}) 9... dxe4 10. dxe4 {[#]} Be5 $1 {[%mdl 512]} 11. Bxe5 Nxe5 12. Qxd8 Nxf3+ 13. Bxf3 Raxd8 14. Bxg4 Nxg4 15. Nc3 Rd2 16. Re2 Rxe2 17. Nxe2 $11 {[%mdl 4096] Endgame KRN-KRN} Rd8 18. Nc3 Kf8 {Hoping for ...Rd2.} 19. Rd1 Rxd1+ 20. Nxd1 {KN-KN} Ke7 21. f3 Ne5 22. Kf2 g5 23. h3 (23. f4 $5 {[%cal Rf4e5]} gxf4 24. gxf4 $11) 23... Ng6 24. Ke3 f5 25. exf5 exf5 26. Nf2 Kd6 {Precision: White = 71%, Black = 78%.} 1/2-1/2